| 000 | 00895nam a2200265 i 4500 | ||
|---|---|---|---|
| 001 | bgj | ||
| 100 | 1 | _aLITTLEWOOD, William T. | |
| 245 | 1 | 0 |
_aForeign and second language learning : _blanguage-acquisition research and its implications for the classroom / _cWilliam T. Littlewood. |
| 250 | _a[11th print.]. | ||
| 260 |
_aCambridge : _bCambridge University Press, _c1995. |
||
| 300 |
_a114 pp ; _c23 cm. |
||
| 490 | 1 | _aCambridge Language Teaching Library | |
| 500 | _a1st publ. 1984. | ||
| 504 | _aBibliography p. 104-112. | ||
| 505 | _aIncludes index. | ||
| 650 | 9 |
_aLanguage and languages _xStudy and teaching _xForeign speakers |
|
| 650 | 9 | _aLanguage acquisition | |
| 830 | _aCambridge Language Teaching Library | ||
| 020 | _a521274869 (pbk) | ||
| 040 | _cBPK | ||
| 041 | 0 | _aeng | |
| 920 | _aISBN-521-27486-9 (pbk) | ||
| 942 | _cKS | ||
| 008 | s uk f |000 0 eng | ||
| 999 |
_c47986 _d47986 |
||
| 856 |
_uhttp://koha.tu.koszalin.pl/cgi-bin/koha/opac-detail.pl?biblionumber=47986 _yKatalog online BPK |
||